| 000 | 01896nam a2200361 c 4500 | ||
|---|---|---|---|
| 003 | BLK | ||
| 005 | 20180420225841.0 | ||
| 008 | 180409b bul|||||r ||||||| ||bul|| | ||
| 010 | _aKNG00103248000 | ||
| 020 |
_a954-464-120-3 _bиздат.: ФорКом |
||
| 040 | _aBLK | ||
| 041 |
_aBUL _cBUL _hENG |
||
| 080 |
_aОбществени финанси. Финансово законодателство. Подразделя се със знака за съотношение и индекса 336. 12 _b351.72 _x:657(497.2)(094.5) _z351.72:657(497.2)(094.5) |
||
| 080 |
_aОбществени финанси. Финансово законодателство. Подразделя се със знака за съотношение и индекса 336. 12 _b351.72 _x:336.126(497.2)(094.5) _z351.72:336.126(497.2)(094.5) |
||
| 110 | 1 |
_aБългария. Закони и др. п. _9243213 |
|
| 139 |
_aБългария. Закони и др. п. _bБ 92 |
||
| 245 | 1 | 0 |
_aЗакон за счетоводството _bОбнар. ДВ, бр. 98 от 16.11.2001 г. в сила от 1.01.2002 г. |
| 245 | 1 | 0 |
_aЗакон за независимия финансов одит _bОбнар. ДВ, бр. 101 от 23.11.2000 г., в сила от 1.01.2002 _c |
| 257 | _aBGR | ||
| 260 |
_аСофия _bФорКом _c2001 _fСофия : Полиграфюг |
||
| 300 |
_a64 с. _c20 см |
||
| 380 | _a3 | ||
| 500 | _aПарал. текст на англ. ез. | ||
| 650 | 4 |
_aСчетоводна отчетност - България - закони _9251904 |
|
| 650 | 4 |
_aФинансов контрол - България - нормативни актове _9250736 |
|
| 653 | _aсчетоводство | ||
| 653 | _aфинансов одит | ||
| 852 | _aЦб 212754 | ||
| 856 | 4 |
_qpdf _u |
|
| 856 | 4 |
_qpdf _u |
|
| 942 |
_cKNG _n0 |
||
| 944 |
_aCR _c01.01.2001 _kЛюдмила_Стоянова |
||
| 944 |
_aED _c13.06.2005 _k |
||
| 999 |
_c98309 _d98309 |
||